Nanotechnology in electronicsNanotechnology : trends and prospects (Record no. 823905)

MARC details
000 -LEADER
fixed length control field 00676nam a2200217Ia 4500
008 - FIXED-LENGTH DATA ELEMENTS--GENERAL INFORMATION
fixed length control field 101110s9999 xx 000 0 und d
041 ## - LANGUAGE CODE
Language code of text/sound track or separate title ENGLISH
082 ## - DEWEY DECIMAL CLASSIFICATION NUMBER
Item number SR31403
100 ## - MAIN ENTRY--PERSONAL NAME
Personal name Rao Balkrishna M., Reddy Krishna K.
245 ## - TITLE STATEMENT
Title Nanotechnology in electronicsNanotechnology : trends and prospects
260 ## - PUBLICATION, DISTRIBUTION, ETC. (IMPRINT)
Date of publication, distribution, etc 2007
Name of publisher, distributor, etc Campus books international,New Delhi
300 ## - PHYSICAL DESCRIPTION
Extent 280
365 ## - TRADE PRICE
Price amount 1800
520 ## - SUMMARY, ETC.
Summary, etc Physics
546 ## - LANGUAGE NOTE
Language note ENGLISH
630 ## - SUBJECT ADDED ENTRY--UNIFORM TITLE
Uniform title Nanotechnology in electronicsNanotechnology : trends and prospects
650 ## - SUBJECT ADDED ENTRY--TOPICAL TERM
Topical term or geographic name as entry element Physics
655 ## - INDEX TERM--GENRE/FORM
Genre/form data or focus term Physics
730 ## - ADDED ENTRY--UNIFORM TITLE
Uniform title Nanotechnology in electronicsNanotechnology : trends and prospects
942 ## - ADDED ENTRY ELEMENTS (KOHA)
Koha item type Book
Holdings
Withdrawn status Lost status Damaged status Not for loan Home library Current library Shelving location Date acquired Source of acquisition Cost, normal purchase price Shelving control number Total Checkouts Barcode Date last seen Price effective from Koha item type
        D. B. J. College, Chiplun D. B. J. College, Chiplun     Sahityalok,Kanpur,bill no.135,dt. 1800.00     DBJSR31403 11/11/2010 11/11/2010 Book